| 000 | 00426nam a2200157Ia 4500 | ||
|---|---|---|---|
| 008 | 210716s2008 xx 000 0 und d | ||
| 020 | _a9788120336063 | ||
| 041 | _aeng | ||
| 082 | _a658.15 BANB | ||
| 100 | _aBanerjee, Bhabatosh. | ||
| 245 | _aFundamentals of financial management. | ||
| 250 | _a1 | ||
| 260 |
_aNew Delhi _bPHI Learning private limited. _c2008 |
||
| 300 | _axiv,602/2009 | ||
| 650 | _aFinancial Management | ||
| 999 |
_c206180 _d206180 |
||